000 00963nam a2200349Ia 4500
005 20260514124407.0
008 008 261405s9999 xx 000 0 eng d
037 _aThesis
040 _aCRL
040 _beng
040 _cCRL
041 _2eng
041 _aeng
084 _qCRL
100 _aDhirar Dr.Nonita
_91239794
245 0 _aStudy of Clinicosocial Profile and Quality of Life of Children Suffering from Thalassemia Major Attending Thalassemia Day Care Center of A Tertiary Level Children's Hospital in Delhi.
260 _aDelhi
260 _bUniversity of Delhi
260 _c2016
300 _a99p.
502 _bPh.D.
502 _cUniversity of Delhi
502 _d2016
541 _oThesis
650 _aMedicine
700 _aDr.Damodar Bachani
_91239795
700 _aDr.Deonath Mahto
_91239796
700 _aDr.Jyoti Khandekar,
_91239797
710 _aMedicine
942 _cTH
999 _c1851802
_d1851802